00872nam a2200241 i 4500001000700000003000900007007000300016008004100019080002000060100003700080245010600117260003800223300002200261490002600283500002900309740003900338740001500377740002100392830004300413852003300456999001900489952012200508105682ES-MaACLt|060807s1959 ag ||||1| spa d a821.134.2-2"19"1 aGrau, Jacinto,d1877-195895973210aTeatro [vol. 2] b: En el infierno se están mudando ; Tabarín ; Bibí Carabé / cJacinto Grau. aBuenos Aires : bLosada, c[1959] a279 p. ; c21 cm.1 aGran teatro del mundo aBiblioteca Juan Andrade.0 aEn el infierno se están mudando.0 aTabarín.0 aBibí Carabé.00aGran teatro del mundo (Losada)9184853 aES-MaACLjAND-495 bR.109808 c105682d105682 00104070aATENEOMbATENEOMcDEPO2d2008-01-17eSCl0oAND-495p1110334r2023-02-23 00:00:00w2023-02-23yMONOGRAFIA